Géographie de l'Europe par lettre - J - Statistiques

Statistiques générales
  • Ce quiz a été pris 302 fois
    286 depuis la dernière actualisation
  • Le résultat moyen est 5 sur 20
Statistiques - réponses
Indice Réponse % Correct
Chaine de montagne partagée entre la France et la Suisse Jura
97%
Club de football de Turin Juventus
92%
Île anglo-normande Jersey
84%
Aéroport principal de Cracovie, nommé d'après un pape Jean-Paul II
48%
Péninsule danoise Jutland
45%
Plage du débarquement Juno
35%
Ville du sud de l'Andalousie Jerez de la Frontera
29%
Ville de la banlieue de Tours Joué-lès-Tours
29%
Quartier balnéaire d'Antibes Juan-les-Pins
23%
Grande place de Clermont-Ferrand Place de {Jaude}
14%
Massif montagneux surtout slovène Alpes {juliennes}
11%
Ville du nord de l'Andalousie Jaén
8%
Île norvégienne de l'Arctique Jan Mayen
5%
Ville du sud de la Suède Jönköping
5%
Dynastie lituanienne ayant aussi régné sur la Pologne Jagellon
3%
Ville lettone Jelgava
3%
Comté du centre de la Suède Jämtland
2%
Massif montagneux le plus élevé des Alpes scandinaves Jotunheimen
1%
Fleuve de l'est de l'Espagne Júcar
1%
Ville de l'est de l'Allemagne et bataille importante de la guerre de trente ans Jüterbog
0%
Aucun quiz correspondant
Distribution des résultats
% des personnes avec chaque résultat
Percentile par nombre de réponses
Votre historique - résultats
Vous n’avez pas pris ce quiz depuis la dernière actualisation